000 00263nam a2200109 4500
008 160629b xxu||||| |||| 00| 0 eng d
100 _91333
_a Maheswari., et al
245 _aBiology - XI
260 _aN.D
_b Arya
_c2004
300 _aBiology - XI
942 _2ddc
_cBK
999 _c1091
_d1091